| 000 | 00425nam a2200133Ia 4500 | ||
|---|---|---|---|
| 008 | 200903s9999 xx 000 0 und d | ||
| 020 | _a978-1-4742-5055-9 | ||
| 100 | _aBranagan, Alison | ||
| 245 |
_cAlison Branagan _aThe Essential guide to business for artists and designers/ |
||
| 250 | _a2nd ed. | ||
| 260 |
_aLondon: _bBloomsburry Academic _c2017 |
||
| 300 |
_a344 pages _c23 cm. |
||
| 650 | _aNursing -- study and teaching | ||
| 999 |
_c364057 _d364057 |
||